Public health nursing :practicing population-based care
Đã lưu trong:
| Tác giả khác: | , |
|---|---|
| Định dạng: | Sách |
| Ngôn ngữ: | English |
| Được phát hành: |
Burlington, MA. :
Jones & Bartlett Learning,
c2013.
|
| Phiên bản: | 2nd ed. |
| Những chủ đề: | |
| Truy cập trực tuyến: | Visit NHRC Library |
| Các nhãn: |
Thêm thẻ
Không có thẻ, Là người đầu tiên thẻ bản ghi này!
|
| LEADER | 01343cam a2200337 a 4500 | ||
|---|---|---|---|
| 001 | 1716 | ||
| 005 | 20220906184632.0 | ||
| 008 | 120621s2013 mouab b 001 0 eng | ||
| 010 | |a 1716 | ||
| 020 | |a 9781449646608 (pbk. : alk. paper) | ||
| 035 | |a (DNLM)101586772 | ||
| 040 | |a DNLM/DLC |c DLC |d DLC | ||
| 042 | |a pcc | ||
| 050 | 0 | 0 | |a RT98 |b .C65623 2013 |
| 060 | 1 | 0 | |a WY 108 |
| 082 | 0 | 0 | |a 610.73/23 |2 2 |
| 245 | 0 | 0 | |a Public health nursing :practicing population-based care |c [edited by] Marie Truglio-Londrigan, Sandra B. Lewenson. |
| 250 | |a 2nd ed. | ||
| 260 | |a Burlington, MA. : |b Jones & Bartlett Learning, |c c2013. | ||
| 300 | |a xxix, 423 p. : |b col. ill., col. maps ; |c 28 cm. | ||
| 504 | |a Includes bibliographical references and index. | ||
| 650 | 1 | 2 | |a Public Health Nursing |z United States. |9 2088 |
| 650 | 2 | 2 | |a Evidence-Based Nursing |a Models, Organizational |z United States. |9 2089 |
| 700 | 1 | |a Truglio-Londrigan , Marie. |9 2090 | |
| 700 | 1 | |a Lewenson, Sandra B. |9 2091 | |
| 856 | |u http://nhrc.org.np/contact |y Visit NHRC Library | ||
| 906 | |a 7 |b cbc |c orignew |d 1 |e ecip |f 20 |g y-gencatlg | ||
| 942 | |2 NLM |c BK | ||
| 952 | |0 0 |1 0 |2 NLM |4 0 |6 WY_108_000000000000000_TRU_2013 |7 0 |8 REF |9 1875 |a NHRC |b NHRC |c REF |d 2014-02-11 |l 0 |o WY 108/TRU/2013 |p 001716 |r 2014-02-11 |w 2014-02-11 |y BK | ||
| 955 | |a xn02 2013-04-22 bk rec'd, to CIP ver. | ||
| 999 | |c 1830 |d 1830 | ||